Lanean...
Adhikaaram /
| Egile nagusia: | |
|---|---|
| Formatua: | Printed Book |
| Hizkuntza: | Malayalam |
| Argitaratua: |
Thiruvananthapuram :
Chintha ,
1987.
|
| Gaiak: |
| LEADER | 00531nam a2200169Ia 4500 | ||
|---|---|---|---|
| 008 | 150624b xxu||||| |||| 00| f mal d | ||
| 999 | |c 80632 |d 80632 | ||
| 082 | |a 853.36 | ||
| 100 | |a V. K. N. | ||
| 245 | |c V. K. N. |a Adhikaaram / | ||
| 260 | |a Thiruvananthapuram : |b Chintha , |c 1987. | ||
| 300 | |a 120 p. | ||
| 546 | |a In Malayalam. | ||
| 650 | |v Malayalam fiction | ||
| 650 | |v V k N (1932 - 2004) | ||
| 942 | |c BK | ||
| 952 | |0 0 |1 0 |4 1 |6 853_360000000000000_ADH_M |7 0 |9 80576 |a UL |b UL |c ST1 |d 1998-08-28 |l 5 |o 853.36 ADH M |p 59584 |r 2017-10-05 |s 2017-09-16 |y BK | ||